| 000 | 00764cam a22002651 4500 | ||
|---|---|---|---|
| 001 | 37915 | ||
| 005 | 20230410103630.0 | ||
| 008 | 750331s1957 nyua 000 0 eng | ||
| 035 | _9(DLC) 57011899 | ||
| 035 | _a7469386 | ||
| 010 | _a 57011899 | ||
| 035 | _a(OCoLC)1244550 | ||
| 040 |
_aDLC _cFO _dOCoLC _dDLC |
||
| 042 | _apremarc | ||
| 050 | 1 | 4 |
_a200 F 2171 _bH514c 1957 |
| 082 | _a917.29 | ||
| 100 | 1 |
_aHenle, Fritz, _d1909- |
|
| 245 | 1 | 4 |
_aThe Caribbean : _ba journey with pictures / _c[by] Fritz Henle and P.E. Knapp. |
| 260 |
_aNew York : _bStudio Publications, _c[1957] |
||
| 300 |
_a207 p. _billus. _c26 cm. |
||
| 651 | 0 |
_aCaribbean Area _vPictorial works. |
|
| 700 | 1 | _aKnapp, P. E. | |
| 942 |
_2lcc _cbk |
||
| 985 | _eOCLC REPLACEMENT cdsdistr | ||
| 999 |
_c22827 _d22827 |
||